| 000 | 00529nam a2200193Ia 4500 | ||
|---|---|---|---|
| 008 | 131103s9999 xx 000 0 und d | ||
| 040 | _aLoreto College | ||
| 041 | _aEnglish | ||
| 082 |
_a551.4/LOB _bLCBkB/52 |
||
| 100 | _aLobeck, A.K. | ||
| 245 |
_aGeomorphology _b an introduction to the study of landforms _cA.K. Lobeck |
||
| 260 |
_aLondon _bMcgraw hill book _c1939 |
||
| 300 |
_a731p. _c 22cm |
||
| 504 | _aIncludes index | ||
| 650 | _aGeology | ||
| 651 | _aGeomorphology | ||
| 850 | _aLCBkB/551.4/LOB | ||
| 942 | _cBK | ||
| 999 |
_c34695 _d85174 |
||